<?xml version="1.0" encoding="UTF-8"?>
<record
    xmlns:xsi="http://www.w3.org/2001/XMLSchema-instance"
    xsi:schemaLocation="http://www.loc.gov/MARC21/slim http://www.loc.gov/standards/marcxml/schema/MARC21slim.xsd"
    xmlns="http://www.loc.gov/MARC21/slim">

  <leader>00723cam a22002291  4500</leader>
  <controlfield tag="001">sa 65005838 </controlfield>
  <controlfield tag="003">DLC</controlfield>
  <controlfield tag="005">20260227112139.0</controlfield>
  <controlfield tag="008">890731s1965    ii            000 0 hino </controlfield>
  <datafield tag="010" ind1=" " ind2=" ">
    <subfield code="a">sa 65005838 </subfield>
  </datafield>
  <datafield tag="035" ind1=" " ind2=" ">
    <subfield code="a">(OCoLC)20102394</subfield>
  </datafield>
  <datafield tag="040" ind1=" " ind2=" ">
    <subfield code="a">DLC</subfield>
    <subfield code="c">WaU</subfield>
    <subfield code="d">NRU</subfield>
    <subfield code="d">DLC</subfield>
  </datafield>
  <datafield tag="042" ind1=" " ind2=" ">
    <subfield code="a">premarc</subfield>
  </datafield>
  <datafield tag="050" ind1="0" ind2="0">
    <subfield code="a">PK2095.T8</subfield>
    <subfield code="b">Z827</subfield>
  </datafield>
  <datafield tag="100" ind1="1" ind2=" ">
    <subfield code="a">&#x15A;arm&#x101;, &#x15A;r&#x12B;niv&#x101;sa,</subfield>
    <subfield code="d">1933-</subfield>
  </datafield>
  <datafield tag="245" ind1="1" ind2="0">
    <subfield code="a">Tulas&#x12B;d&#x101;sa:</subfield>
    <subfield code="b">j&#x12B;van&#x12B; aura k&#x101;vya; Tulas&#x12B;d&#x101;sa k&#x12B; j&#x12B;van&#x12B; aura k&#x101;vya k&#x12B; sarv&#x101;n&#x121;ap&#x16B;r&#x1E47;a sam&#x12B;ksh&#x101;.</subfield>
    <subfield code="c">Lekha&#x15A;r&#x12B;niv&#x101;sa &#x15A;arm&#x101;.</subfield>
  </datafield>
  <datafield tag="250" ind1=" " ind2=" ">
    <subfield code="a">[1. sa&#x1E43;skara&#x1E47;a]</subfield>
  </datafield>
  <datafield tag="260" ind1=" " ind2=" ">
    <subfield code="a">Dill&#x12B;,</subfield>
    <subfield code="b">A&#x15B;oka Prak&#x101;&#x15B;ana</subfield>
    <subfield code="c">[1965]</subfield>
  </datafield>
  <datafield tag="300" ind1=" " ind2=" ">
    <subfield code="a">viii, 256 p.</subfield>
    <subfield code="c">19 cm.</subfield>
  </datafield>
  <datafield tag="500" ind1=" " ind2=" ">
    <subfield code="a">In Hindi.</subfield>
  </datafield>
  <datafield tag="600" ind1="0" ind2="0">
    <subfield code="a">Tulas&#x12B;d&#x101;sa,</subfield>
    <subfield code="d">1532-1623.</subfield>
  </datafield>
  <datafield tag="999" ind1=" " ind2=" ">
    <subfield code="c">64403</subfield>
    <subfield code="d">64403</subfield>
  </datafield>
</record>
